| 000 | 00413nam a22001817a 4500 | ||
|---|---|---|---|
| 003 | OSt | ||
| 008 | 210710b ||||| |||| 00| 0 eng d | ||
| 020 | _a9789365891034 | ||
| 082 | _a005.133 KAL | ||
| 100 | _aKANETKAR,Yashavant | ||
| 245 | _aLet us Python | ||
| 250 | _a7th Ed | ||
| 260 |
_aNew Delhi _bBPB _c2025 |
||
| 300 | _a547 | ||
| 650 | _aLet us Python | ||
| 700 | _aKANETKAR,Aditya | ||
| 942 |
_2ddc _cBB |
||
| 999 |
_c13287 _d13287 |
||